00968nam a22002777a 4500003000500000005001700005008004100022010001300063020002200076035001300098037001600111040001500127082002100142100002700163245011000190246000600300260003600306270003600342300002600378650004800404650001400452650003300466942003000499999001900529952014200548dpls20170124105917.0161212b xxu||||| |||| 00| 0 eng d aA-576991 c250.00a818579794 aA-576991 bCen Lib/Ret aDPLbENcy a016.9540841bMIT aMittal, S. C. 9106842 aA selected annotated bibliography on freedom movement in india :cby S. C. Mittal bpunjab and hariyana / b  b Aditya Prakashan c1992aDelhi bDelhiaF-12, 14/65 Model Town 2 axvi, 254p..c21cm(Hb) aBibliographies zHariyana & Punjab 9106843 x 9106844 aPolitical Movements 9106845 2ddccENh016.9540841mMIT c122894d122894 00102ddc40718REFaLbLd2015-05-30eCen Lib/Retg250.00l0o016.9540841 MITpA-576991r2015-05-30 00:00:00t1v250.00w2015-05-30yEN